000 01735cam a2200505 i 4500
001 1496
003 KOSZ 005
005 20250716100217.0
008 250716s1980 pl a f 000 0 pol
015 _aUWD 1981/2454
035 _a991012810509705066
035 _a(PL-WaBN)b13461163-48omnis_nlop
035 _ab13461163
035 _a(OCoLC)830215014
035 _a(PL)b0000001346116
035 _a(EXLNZ-48OMNIS_NETWORK)9910453170605606
040 _aWA N
_cWA N
_dKOSZ 005/RW
046 _k1980
080 _a744
080 _a(075.8)
100 1 _aDunajewska, Jadwiga
_eAutor
245 1 0 _aRysunek techniczny i odręczny.
_nCz. 1 /
_cJadwiga Dunajewska ; Politechnika Lubelska.
260 _aLublin :
_bWydawnictwo Uczelniane Politechniki Lubelskiej,
_c1980.
300 _a161 stron :
_bilustracje, tabele ;
_c24 cm.
336 _aTekst
_btxt
_2rdacontent
337 _aBez urządzenia pośredniczącego
_bn
_2rdamedia
338 _aWolumin
_bnc
_2rdacarrier
380 _aKsiążki
380 _aPublikacje dydaktyczne
380 _aPublikacje naukowe
385 _mPoziom nauczania
_aSzkoły wyższe
388 1 _a1901-2000
388 1 _a1945-1989
490 1 _aBudownictwo
504 _aBibliografia na stronach [159]-161.
650 7 _aBudownictwo
_2DBN
655 7 _aPodręczniki akademickie
_2DBN
655 7 _aRysunek techniczny
_2DBN
658 _aArchitektura i budownictwo
710 2 _aPolitechnika Lubelska
_4pbl
830 0 _aBudownictwo - Politechnika Lubelska
856 _uhttps://koha.tu.koszalin.pl/cgi-bin/koha/opac-detail.pl?biblionumber=1496
_yKatalog online BPK
942 _2UKD
_cKS
999 _c1496
_d1496